000 00879nam a2200229Ia 4500
999 _c34481
_d34481
001 230
003 GE_BSU
005 20221114174619.0
008 181216s||||||||xx |||||||||||||| ||und||
020 _a9994011022x
040 _cGE_BSU
080 _a94(479.22) ჟ–84
100 _aჟორდანია, თედო
_93539
245 _aქრონიკები. I
_cთედო ჟორდანია; მთ. რედ. ბუბა კუდავა.
264 _aთბილისი :
_bარტანუჯი,
_c2004.
300 _a380 გვ.;
_b24 სმ.
541 _h20ლ.
653 _aსაქართველოს ისტორიის დოკუმენტური წყაროები
653 _aისტორია
700 _aკუდავა,ბუბა
_eრედაქტორი
_915802
942 _cBK
_2udc